Something happened in our town : a child's story about racial injustice / by Marianne Celano, PhD, ABPP, Marietta Collins, PhD, and Ann Hazzard, PhD, ABPP ; illustrated by Jennifer Zivoin.
After discussing the police shooting of a local Black man with their families, Emma and Josh know how to treat a new student who looks and speaks differently than his classmates. Includes an extensive Note to Parents and Caregivers that provides general guidance about addressing racism with children, child-friendly vocabulary definitions, conversation guides, and a link to additional online resources for parents and teachers.
Record details
- ISBN: 9781433828546
- ISBN: 1433828545
- Physical Description: 1 volume (unpaged) : color illustrations ; 27 cm
- Publisher: Washington, DC : Magination Press, [2018]
Content descriptions
| General Note: | "American Psychological Association." |
| Action Note: | committed to retain 20200101 20401231 CUSP ASU https://www.uspi.wp.unca.edu |
Search for related items by subject
| Subject: | Racism > Juvenile fiction. Prejudices > Juvenile fiction. Police shootings > Juvenile fiction. Picture books for children. Racism > Fiction. Prejudices > Fiction. Police shootings > Fiction. |
| Genre: | Children's stories. Picture books. Picture books. |
Available copies
- 1 of 1 copy available at scottsboropl.
Holds
- 0 current holds with 1 total copy.
Show Only Available Copies
| Location | Call Number / Copy Notes | Barcode | Shelving Location | Status | Due Date |
|---|---|---|---|---|---|
| scottsboropl | E Cel | 32269001168296 | Juvenile - Easy | Available | - |
| LDR | 03436cam a2200745 i 4500 | ||
|---|---|---|---|
| 001 | 155697 | ||
| 003 | SBPL | ||
| 005 | 20210504155237.0 | ||
| 008 | 171003t20182018dcua b 000 1 eng | ||
| 010 | . | ‡a 2017036137 | |
| 020 | . | ‡a9781433828546 ‡qhardcover | |
| 020 | . | ‡a1433828545 ‡qhardcover | |
| 035 | . | ‡a(OCoLC)1005782575 | |
| 042 | . | ‡apcc ‡alcac | |
| 050 | 0 | 0. | ‡aPZ7.1.C4647 ‡bSom 2018 |
| 055 | 8. | ‡aE ‡bCEL | |
| 082 | 0 | 0. | ‡a[E] ‡223 |
| 084 | . | ‡aJUV039120 ‡aJUV039180 ‡aJUV011010 ‡2bisacsh | |
| 100 | 1 | . | ‡aCelano, Marianne, ‡eauthor. |
| 245 | 1 | 0. | ‡aSomething happened in our town : ‡ba child's story about racial injustice / ‡cby Marianne Celano, PhD, ABPP, Marietta Collins, PhD, and Ann Hazzard, PhD, ABPP ; illustrated by Jennifer Zivoin. |
| 264 | 1. | ‡aWashington, DC : ‡bMagination Press, ‡c[2018] | |
| 300 | . | ‡a1 volume (unpaged) : ‡bcolor illustrations ; ‡c27 cm | |
| 336 | . | ‡atext ‡btxt ‡2rdacontent | |
| 336 | . | ‡astill image ‡bsti ‡2rdacontent | |
| 337 | . | ‡aunmediated ‡bn ‡2rdamedia | |
| 338 | . | ‡avolume ‡bnc ‡2rdacarrier | |
| 500 | . | ‡a"American Psychological Association." | |
| 520 | . | ‡aAfter discussing the police shooting of a local Black man with their families, Emma and Josh know how to treat a new student who looks and speaks differently than his classmates. Includes an extensive Note to Parents and Caregivers that provides general guidance about addressing racism with children, child-friendly vocabulary definitions, conversation guides, and a link to additional online resources for parents and teachers. | |
| 583 | 1 | . | ‡acommitted to retain ‡c20200101 ‡d20401231 ‡fCUSP ‡jASU ‡uhttps://www.uspi.wp.unca.edu ‡5NcBoA |
| 650 | 0. | ‡aRacism ‡vJuvenile fiction. | |
| 650 | 0. | ‡aPrejudices ‡vJuvenile fiction. | |
| 650 | 0. | ‡aPolice shootings ‡vJuvenile fiction. | |
| 650 | 0. | ‡aPicture books for children. | |
| 650 | 1. | ‡aRacism ‡vFiction. | |
| 650 | 1. | ‡aPrejudices ‡vFiction. | |
| 650 | 1. | ‡aPolice shootings ‡vFiction. | |
| 655 | 0. | ‡aChildren's stories. | |
| 655 | 1. | ‡aPicture books. | |
| 655 | 7. | ‡aPicture books. ‡2lcgft | |
| 700 | 1 | . | ‡aCollins, Marietta, ‡eauthor. |
| 700 | 1 | . | ‡aHazzard, Ann, ‡eauthor. |
| 700 | 1 | . | ‡aZivoin, Jennifer, ‡eillustrator. |
| 901 | . | ‡a155697 ‡b ‡c155697 ‡tbiblio | |